Experimental Psychology/ (Record no. 188311)

MARC details
000 -LEADER
fixed length control field 00545nam a22001817a 4500
005 - DATE AND TIME OF LATEST TRANSACTION
control field 20220518151639.0
010 ## - LCCN (DPL NO)
LC control number ENG-132646
020 ## - INTERNATIONAL STANDARD BOOK NUMBER
International Standard Book Number 978-93-89740-72-1
Terms of availability 1995.00
035 ## - SYSTEM CONTROL NUMBER
System control number EN-116178
037 ## - SOURCE OF ACQUISITION
Source of stock number/acquisition DBAD/PUB
082 ## - DEWEY DECIMAL CLASSIFICATION NUMBER
Classification number 150.724
100 ## - MAIN ENTRY--PERSONAL NAME
Personal name Chaube, S.P.
245 ## - TITLE STATEMENT
Title Experimental Psychology/
Statement of responsibility, etc S.P. Chaube and Akhilesh Chaube
260 ## - PUBLICATION, DISTRIBUTION, ETC. (IMPRINT)
Place of publication, distribution, etc Hyderabad
Name of publisher, distributor, etc Neelkamal Publications PVT. Ltd.
Date of publication, distribution, etc 2021
270 ## - ADDRESS
Address Sultan Bazar
City Hyderabad
Postal code 500095
300 ## - PHYSICAL DESCRIPTION
Extent xxiii,470p
Dimensions 24cm(hbk)
942 ## - ADDED ENTRY ELEMENTS (KOHA)
Source of classification or shelving scheme Dewey Decimal Classification
Item type English Books
Call number suffix CHA
Classification part 150.724
Holdings
Withdrawn status Lost status Not for loan Collection code Home library Current library Date acquired Source of acquisition Cost, normal purchase price Full call number Barcode Copy number Cost, replacement price Koha item type
      Non-fiction Ashok Vihar Ashok Vihar 18/05/2022 DBAD/PUB 1995.00 150.724 CHA EN-116178 1 1995.00 English Books

© Delhi Public Library
Hit Counter
free hit counter